| 000 -LEADER |
| fixed length control field |
02379cam a22004337i 4500 |
| 003 - CONTROL NUMBER IDENTIFIER |
| control field |
OSt |
| 005 - DATE AND TIME OF LATEST TRANSACTION |
| control field |
20200313054409.0 |
| 008 - FIXED-LENGTH DATA ELEMENTS--GENERAL INFORMATION |
| fixed length control field |
190128s2010 cauae b 000 0 eng d |
| 020 ## - INTERNATIONAL STANDARD BOOK NUMBER |
| International Standard Book Number |
9780979539558 |
| Qualifying information |
(hbk.) |
| 082 04 - DEWEY DECIMAL CLASSIFICATION NUMBER |
| Classification number |
720.9 |
| Item number |
SHU |
| 110 2# - MAIN ENTRY--CORPORATE NAME |
| Corporate name or jurisdiction name as entry element |
Shubin + Donaldson Architects. |
| 245 10 - TITLE STATEMENT |
| Title |
Live + work : |
| Remainder of title |
modern homes and offices : the southern California architecture of Shubin + Donaldson / |
| Statement of responsibility, etc |
essays by Thom Mayne and Joseph Giovannini. |
| 246 3# - VARYING FORM OF TITLE |
| Title proper/short title |
Live plus work |
| 246 3# - VARYING FORM OF TITLE |
| Title proper/short title |
Live and work |
| 300 ## - PHYSICAL DESCRIPTION |
| Extent |
252 pages : |
| Other physical details |
chiefly color illustrations, plans (some color) ; |
| Dimensions |
28 cm |
| 504 ## - BIBLIOGRAPHY, ETC. NOTE |
| Bibliography, etc |
Includes bibliographical references (pages 249-251). |
| 505 0# - FORMATTED CONTENTS NOTE |
| Formatted contents note |
Ground zero -- Mindfield -- Montecito residence -- Glass pavilion -- Urban spa -- Brand new school -- Wong Doody -- Riviera residence -- Greentree residence -- Dubai villas -- East Channel residence -- Santa Barbara estate -- Bentley residence -- Davidandgoliath -- Ogilvy & Mather -- Hydraulx -- Fuel Design & Production -- Artist studio -- Saatchi & Saatchi -- Biscuit Filmworks -- Toro Canyon residence -- The Firm -- Painter residence -- A choreography of collision / Thom Mayne -- Sense and sensibility / Joseph Giovannini -- Form follows intention : interviews with Shubin + Donaldson. |
| 610 20 - SUBJECT ADDED ENTRY--CORPORATE NAME |
| Corporate name or jurisdiction name as entry element |
Shubin + Donaldson Architects. |
| 610 27 - SUBJECT ADDED ENTRY--CORPORATE NAME |
| Corporate name or jurisdiction name as entry element |
Shubin + Donaldson Architects. |
| Source of heading or term |
cct |
| 610 27 - SUBJECT ADDED ENTRY--CORPORATE NAME |
| Corporate name or jurisdiction name as entry element |
Shubin + Donaldson Architects. |
| Source of heading or term |
fast |
| 648 #7 - SUBJECT ADDED ENTRY--CHRONOLOGICAL TERM |
| Chronological term |
2000-2099 |
| Source of heading or term |
fast |
| 650 #0 - SUBJECT ADDED ENTRY--TOPICAL TERM |
| Topical term or geographic name as entry element |
Architecture |
| Geographic subdivision |
California, Southern |
| General subdivision |
History. |
| 650 #0 - SUBJECT ADDED ENTRY--TOPICAL TERM |
| Topical term or geographic name as entry element |
Architecture, Domestic |
| Geographic subdivision |
California, Southern |
| General subdivision |
History |
| Chronological subdivision |
21st century. |
| 650 #0 - SUBJECT ADDED ENTRY--TOPICAL TERM |
| Topical term or geographic name as entry element |
Office buildings |
| Geographic subdivision |
California, Southern |
| General subdivision |
Design and construction. |
| 650 #0 - SUBJECT ADDED ENTRY--TOPICAL TERM |
| Topical term or geographic name as entry element |
Architecture, Modern |
| Chronological subdivision |
21st century. |
| 650 #7 - SUBJECT ADDED ENTRY--TOPICAL TERM |
| Topical term or geographic name as entry element |
Architecture |
| General subdivision |
History |
| Chronological subdivision |
California, Southern |
| -- |
21st century. |
| Source of heading or term |
cct |
| 650 #7 - SUBJECT ADDED ENTRY--TOPICAL TERM |
| Topical term or geographic name as entry element |
Architecture, Domestic |
| General subdivision |
History |
| Chronological subdivision |
California, Southern |
| -- |
21st century. |
| Source of heading or term |
cct |
| 650 #7 - SUBJECT ADDED ENTRY--TOPICAL TERM |
| Topical term or geographic name as entry element |
Architecture, Modern |
| Chronological subdivision |
21st century. |
| Source of heading or term |
cct |
| 650 #7 - SUBJECT ADDED ENTRY--TOPICAL TERM |
| Topical term or geographic name as entry element |
Office buildings |
| General subdivision |
Design and construction. |
| Chronological subdivision |
California, Southern. |
| Source of heading or term |
cct |
| 650 #7 - SUBJECT ADDED ENTRY--TOPICAL TERM |
| Topical term or geographic name as entry element |
Architecture. |
| Source of heading or term |
fast |
| 650 #7 - SUBJECT ADDED ENTRY--TOPICAL TERM |
| Topical term or geographic name as entry element |
Architecture, Domestic. |
| Source of heading or term |
fast |
| 650 #7 - SUBJECT ADDED ENTRY--TOPICAL TERM |
| Topical term or geographic name as entry element |
Architecture, Modern. |
| Source of heading or term |
fast |
| 650 #7 - SUBJECT ADDED ENTRY--TOPICAL TERM |
| Topical term or geographic name as entry element |
Office buildings |
| General subdivision |
Design and construction. |
| Source of heading or term |
fast |
| 651 #7 - SUBJECT ADDED ENTRY--GEOGRAPHIC NAME |
| Geographic name |
California, Southern. |
| Source of heading or term |
fast |
| 655 #7 - INDEX TERM--GENRE/FORM |
| Genre/form data or focus term |
History. |
| Source of term |
fast |
| 700 1# - ADDED ENTRY--PERSONAL NAME |
| Personal name |
Mayne, Thom. |
| 700 1# - ADDED ENTRY--PERSONAL NAME |
| Personal name |
Giovannini, Joseph. |
| 942 ## - ADDED ENTRY ELEMENTS (KOHA) |
| Source of classification or shelving scheme |
|